Largest Cities South of the Equator -- Sudden Death - Statistics

General Stats
  • This quiz has been taken 56 times
  • The average score is 7 of 18
Answers on the Grid
Answers color-coded by a green-red scale on the quiz's grid according to % correct below.
Adelaide
Bandung
Belo Horizonte
Buenos Aires
Canberra
Cape Town
Dar es Salaam
Durban
Freetown
Harare
Honolulu
Jakarta
Johannesburg
Kigali
Kinshasa
Lagos
Lima
Luanda
Manaus
Maputo
Mbuji-Mayi
Melbourne
Montevideo
Nairobi
Ouagadougou
Phnom Penh
Pointe-Noire
Recife
Rio de Janeiro
Rosario
Santiago
São Paulo
Surabaya
Suva
Sydney
Yaoundé
 
Answer Stats
Answer % Correct
Buenos Aires
86%
Sydney
67%
Rio de Janeiro
64%
São Paulo
60%
Cape Town
55%
Johannesburg
50%
Santiago
45%
Kinshasa
43%
Jakarta
40%
Melbourne
40%
Belo Horizonte
36%
Dar es Salaam
33%
Luanda
31%
Lima
29%
Nairobi
29%
Bandung
17%
Surabaya
17%
Recife
7%
No matching quizzes found
Score Distribution
Percent of People with Each Score
Percentile by Number Answered
Your Score History
You have not taken this quiz